000 00667nam a22001937a 4500
003 OSt
005 20251023090239.0
008 251023b |||||||| |||| 00| 0 eng d
020 _a978-971-510-337-4
040 _aDWC - Main Lib
_cOC
082 _aFil. 275.99 L429d 2025
100 _aLayugan Michael G.
245 _a Divine Word missionaries:
_bthe first fifty years of SVD missionary engagements in the Philippines
_cMichael G. Layugan
260 _aManila, Philippines:
_bLogos Publications, Inc.,
_cc2025.
300 _a924 pages:
_billustrations;
_c21 cm.
650 _aCatholic church.
650 _aSociety of Divine Word.
942 _2ddc
_cBK - FIL
_kFil.
_n0
999 _c5075
_d5075